000 00404nam a2200145Ia 4500
008 150201s2009 xx 000 0 und d
082 _a617.601
_bP2009P
100 _aPARK,K
245 _aPARKS TEXT BOOK OF PREVENTIVE & SOCIAL MEDICINE
250 _a20TH
260 _bBANARSIDAS BHANOT PUBLISHERS
_aJABALPUR
_c2009
300 _a1-832
650 _aPREVENTIVE AND COMMUNITY DENTISTRY
942 _2ddc
_cBK
999 _c4506
_d4506